Statistics for Airlines Serving the Airports of China

Click here to take the quiz!

General Stats

  • This quiz has been taken 96 times
  • The average score is 96 of 180

Answer Stats

AirportsAirlines% Correct
AHJ | AKU | BAR | BAV | BHY | BPX | BZX | CAN | CGO | CGQ | CHG | CIF | CIH | CKG | CSX | CTU | CZX | DAT | DAX | DCY | DDG | DLC | DLU | DNH | DOY | DQA | DSN | DYG | FOC | FUG | FYJ | GYS | HAK | HET | HFE | HGH | HKG | HLD | HLH | HMI | HRB | HTN | HYN | HUZ | INC | JDZ | JGS | JMU | JSJ | KCA | KHG | KHN | KLW | KMG | KOW | KRL | KRY | KWE | LFQ | LHW | LJG | LPF | LXA | LYA | LYG | LZH | LZO | LZY | MDG | MFM | MIG | NDG | NGB | NKG | NNG | NTG | PEK | PKX | PVG | PZI | RLK | SHA | SHE | SHF | SJW | SWA | SYX | SZX | TAO | TGO | TLQ | TNA | TNH | TSN | TXN | TYN | UCB | URC | WDS | WEH | WGN | WMT | WNZ | WUA | WUH | WUS | WXN | XIC | XIL | XIY | XMN | XNN | YBP | YCU | YIH | YIN | YIW | YNJ | YNT | YNZ | YSQ | YTY | ZHA | ZUH | ZYIAir China
99%
CAN | CKG | CSX | CTU | HAK | HKG | KHN | PEK | PVG | SHA | SYX | SZX | TAO | WEH | WUH | WUX | XIY | XUZ | YTYChina Airlines
99%
AAT | ACX | AEB | AQG | BAR | BAV | BHY | BPL | BSD | CAN | CGD | CGO | CGQ | CHG | CIF | CKG | CSX | CTU | CWJ | CZX | DAT | DAX | DIG | DLC | DLU | DNH | DOY | DQA | DSN | DYG | ENH | ENY | FOC | GMQ | GOQ | GYS | HAK | HBQ | HDG | HEK | HET | HFE | HGH | HIA | HKG | HLD | HLH | HMI | HNY | HPG | HRB | HSN | HTN | HTT | HUZ | HXD | HYN | INC | JGD | JGN | JGS | JHG | JIC | JIQ | JJN | JMJ | JMU | JNG | JNZ | KCA | KHG | KHN | KMG | KOW | KRL | KRY | KWE | KWL | LDS | LHW | LJG | LLF | LLV | LNJ | LUM | LXA | LYA | LYG | LYI | LZH | LZO | MDG | MFM | MIG | NAO | NBS | NDG | NGB | NGQ | NKG | NLH | NNG | PEK | PKX | PVG | PZI | QSZ | RIZ | RKZ | SHA | SHE | SJW | SQD | SWA | SYM | SYX | SZX | TAO | TCZ | TEN | TGO | TLQ | TNA | TNH | TSN | TXN | TYN | URC | UYN | WDS | WEH | WNH | WNZ | WUA | WUH | WUS | WUT | WUX | XAI | XIC | XIY | XMN | XNN | XUZ | YBP | YCU | YIH | YIN | YIW | YKH | YNJ | YNT | YNZ | YUS | YZY | ZAT | ZHA | ZQZ | ZUH | ZYIChina Eastern Airlines
94%
CAN | CKG | DLC | FOC | HGH | KMG | NGB | NKG | SHE | SZX | TAO | WUX | XIY | XMNUni Air
94%
CTU | HKG | PEK | PVGUnited Airlines
94%
PKX | PVGDelta Air Lines
93%
CAN | CTU | DLC | HGH | HKG | PEK | PVG | SHA | SHE | SZX | TAO | WUH | XMNAll Nippon Airways
91%
CAN | CGO | CKG | CSX | CTU | FOC | HAK | HGH | HKG | KMG | KWL | NGB | NKG | NNG | PEK | PVG | SHA | SYX | TAO | TNA | WNZ | WUH | XIY | XMNCathay Dragon
91%
HKG | PEK | PVGCathay Pacific
91%
AAT | ACX | AKU | AOG | AQG | BAR | BAV | BFJ | BHY | BPE | BPL | BPX | CAN | CGD | CGO | CGQ | CIH | CKG | CSX | CTU | CZX | DCY | DDG | DLC | DLU | DNH | DQA | DSN | DYG | ENH | ENY | FOC | FUG | FYN | GYS | HAK | HDG | HEK | HET | HFE | HGH | HIA | HJJ | HKG | HLD | HMI | HNY | HRB | HSN | HTN | HUZ | HZG | INC | IQM | JGS | JHG | JIQ | JMU | JNG | JSJ | JUH | JXA | KCA | KJI | KHG | KHN | KMG | KOW | KRL | KRY | KWE | KWL | LDS | LFQ | LHW | LJG | LLB | LNL | LPF | LUM | LXA | LYA | LYG | LYI | LZO | LZY | MDG | MFM | MIG | NAO | NBS | NDG | NGB | NKG | NLH | NNG | NNY | OHE | PEK | PKX | PVG | QSZ | RIZ | RQA | SHA | SHE | SHF | SJW | SWA | SYX | SZX | TAO | TCG | TCZ | TEN | TGO | TLQ | TNA | TSN | TWC | TXN | TYN | UCB | URC | UYN | WDS | WEH | WNH | WNZ | WMT | WUH | WUT | WUX | XFN | XIC | XIY | XMN | XNN | XUZ | YCU | YIH | YIN | YIW | YNJ | YNT | YNZ | YSQ | YTY | ZHA | ZUH | ZYIChina Southern Airlines
91%
HKG | PVGAir India
90%
HKG | PEK | PVGAmerican Airlines
90%
CAN | HKG | PKX | PVGAeroflot
88%
CAN | DLC | HKG | PEK | PVG | SHA | TSNJapan Airlines
88%
HKG | PEK | PVGAir France
87%
HKG | NGBHK Express
87%
CTU | HGH | HKG | PEK | PVG | XMNKLM
87%
CAN | CGO | CSX | DLC | DYG | HFE | HGH | HKG | KMG | MDG | NKG | PEK | PVG | SHA | SHE | SYX | SZX | TAO | TNA | TSN | TXN | URC | WEH | WUH | XIY | XMN | XUZ | YNJKorean Air
87%
HKG | NKG | PEK | PVG | SHE | TAOLufthansa
87%
CAN | CTU | HKG | KMG | PEK | PVGThai Airways
87%
CGO | CKG | HKG | KMG | XMNThai Smile
87%
CTU | HKG | PKX | PVGEtihad Airways
86%
CGQ | CKG | CTU | HAK | HGH | HKG | KHN | KWE | NKG | NNG | PEK | PVG | SHA | SYX | YNZHong Kong Airlines
86%
HKG | PVGQantas
86%
HKG | PEK | PVGAir Canada
84%
CAN | HKG | PEK | PVGEmirates
84%
CAN | CGO | CGQ | CKG | CSX | CTU | DLC | FOC | GYU | HAK | HET | HFE | HGH | HIA | HKG | HLD | HNY | HRB | HSN | INC | JJN | KHN | KMG | KWE | KWL | LHW | LJG | LXA | LYG | LZH | LZO | MFM | MIG | NAO | NGB | NKG | NNG | PKX | PVG | SHA | SHE | SYX | SZX | TAO | TNA | TSN | TYN | URC | UYN | WDS | WUS | WXN | XMN | WEH | WMT | WUH | WUT | WUX | XIC | XIY | XNN | YCU | YIH | YNT | YNZ | ZHY | ZUHXiamenAir
84%
CAN | HKG | PKX | PVG | TSN | XMNMalaysia Airlines
83%
HKG | PEK | PVGSAS
83%
CAN | HKG | PEK | PVG | XIYTurkish Airlines
83%
HKG | PVGAir New Zealand
81%
CAN | HKG | PEK | PVGSingapore Airlines
81%
BAV | CAN | CGO | CGQ | CTU | CZX | DSN | HAK | HET | HGH | HKG | INC | JJN | KMG | MFM | NGB | NNG | PEK | PKX | PVG | SHE | SZX | TSN | TYN | WUH | WUX | XIY | YNZVietnam Airlines
81%
HKG | PKX | PVGBritish Airways
80%
CAN | HKG | NKG | PEK | PKX | PVG | XIYFinnair
80%
CAN | CGO | HKG | KMG | PVG | SHE | XIYGaruda Indonesia
80%
PVGIberia
80%
CAN | CKG | CTU | HGH | HKG | PEK | PVGQatar Airways
80%
HKG | PKX | PVGSwiss
80%
CAN | CTU | HGH | HKG | JJN | KMG | KWL | MFM | NNG | SWA | SZX | WUHAirAsia
78%
CKG | CSX | CTU | HGH | LHW | PEK | PVG | TSN | WUH | XIYAirAsia X
78%
CAN | HKG | MFM | SZXPhilippines AirAsia
78%
CAN | CKG | CSX | CTU | HGH | HKG | JJN | KHN | KMG | MFM | NGB | NKG | PEK | SWA | SYX | SZX | TXN | WUH | XIYThai AirAsia
78%
KHN | PVG | SHE | TSNThai AirAsia X
78%
CAN | CGQ | CKG | CSX | CTU | DLC | HAK | HGH | HKG | HRB | KWL | NKG | PEK | PVG | SHA | SHE | SZX | TAO | TSN | WEH | XIY | YNJ | YNT | YNZAsiana Airlines
77%
HKG | PEKEl Al
77%
CAN | CTU | HKG | PEK | PVGEthiopian Airlines
75%
CAN | CGO | CKG | CTU | HET | HGH | HKG | HLD | HRB | KWL | MFM | NGB | PEK | PVG | SHA | TNA | TSN | TXN | TYNEVA Air
75%
HGH | NKG | PVGPAL Express
75%
CAN | HKG | JJN | MFM | PEK | PVG | XMNPhilippine Airlines
75%
CANSaudia
75%
BAR | BZX | CAN | CGO | CGQ | CKG | CSX | CTU | CZX | DAT | DLC | FOC | HAK | HET | HGH | HIA | HKG | HLD | HRB | HSN | HUZ | HYN | INC | JDZ | JJN | JUH | JUZ | KHN | KMG | KRY | KWE | KWL | LHW | LJG | LYI | MFM | MIG | NBS | NGB | NKG | NNG | NTG | PEK | PVG | PZI | SHA | SHE | SJW | SQD | SWA | SYX | SZX | TAO | TCZ | TNA | TSN | TYN | URC | WMT | WNZ | WUH | WUX | WXN | XFN | XIY | XMN | XNN | YBP | YCU | YIC | YIH | YNT | YTY | ZAT | ZHA | ZUHShenzhen Airlines
75%
AAT | AEB | AOG | BHY | CAN | CGO | CGQ | CKG | CSX | CTU | CZX | DAT | DAX | DCY | DIG | DLC | DNH | DSN | DYG | FUG | GYS | GZG | HAK | HDG | HET | HFE | HGH | HKG | HLD | HPG | HRB | HSN | INC | JGN | JHG | JJN | JZH | KGT | KHG | KHN | KMG | KOW | KWE | KWL | LCX | LHW | LJG | LLV | LUM | LXA | LYI | LZO | LZY | MIG | NGB | NKG | NNG | NTG | PEK | PVG | PZI | RIZ | SHE | SJW | SQJ | SWA | SYM | SYX | SZX | TAO | TLQ | TNA | TSN | TYN | URC | WNH | WNZ | WUH | WUS | WUX | WXN | XIC | XIY | XMN | XNN | XUZ | YBP | YIC | YIH | YKH | YNT | YTY | ZAT | ZHY | ZUHSichuan Airlines
74%
PEK | PVGAustrian Airlines
72%
CAN | HGH | HKG | PEKEgyptAir
72%
AQG | BAV | BPE | CAN | CDE | CGO | CGQ | CKG | CSX | CTU | DLC | DNH | DOY | ENY | FOC | HAK | HET | HFE | HGH | HLD | HNY | HRB | HZG | INC | JJN | JMU | JNZ | KHG | KHN | KMG | KWE | KWL | LFQ | LHW | LYG | LYI | MDG | MFM | MIG | NGB | NKG | NNG | NZH | PEK | PVG | SHA | SHE | SJW | SQJ | SYX | SZX | TAO | TEN | TNA | TSN | TVS | TYN | URC | UYN | WEF | WNZ | WUA | WUH | XIY | XMN | XNN | XUZ | YIH | YKH | YSQ | ZHA | ZJYX | ZQZ | ZUHHainan Airlines
71%
PEKPakistan International Airlines
71%
HKG | PEKMIAT Mongolian Airlines
70%
CANOman Air
70%
AOG | BAR | BAV | BPE | CAN | CGO | CGQ | CKG | CSX | CTU | DDG | DLC | DSN | DYG | FOC | FUG | HAK | HDG | HET | HGH | HKG | HLD | HNY | HRB | HTN | INC | JGS | JHG | JNG | JXA | KHN | KMG | KRY | KWE | KWL | LHW | LYG | LYI | MDG | MFM | MIG | NKG | NNG | OHE | PEK | PVG | RIZ | SHA | SHE | SWA | SYX | SZX | TAO | TGO | TLQ | TSN | TVS | TYN | TXN | URC | WEH | WNZ | WUH | WUT | WUZ | WXN | XIY | XMN | XUZ | YCU | YIH | YNJ | YNT | ZHA | ZUHShanghai Airlines
70%
AAT | AKU | AQG | BPL | CAN | CGD | CGO | CGQ | CIF | CKG | CSX | CTU | DAT | DLC | DNH | DOY | DQA | DSN | FOC | FUG | HAK | HET | HFE | HGH | HJJ | HLD | HLH | HMI | HNY | HRB | HTN | INC | IQN | JDZ | JUH | KCA | KHG | KHN | KMG | KOW | KRL | KWE | KWL | LHW | LJG | LPF | LZH | MXZ | NGB | NKG | NLT | NNG | NNY | NTG | PVG | QSZ | RLK | SHA | SHE | SWA | SYX | SZX | TAO | TCG | TGO | TNA | TSN | URC | UYN | WEH | WNZ | WUA | WUH | WUT | XIL | XIY | XMN | YIN | YNT | YYA | ZHA | ZUH | ZYITianjin Airlines
70%
PEK | PKXLOT
68%
HRG | PVGVirgin Atlantic
68%
CAN | HKG | MFM | PEK | PVG | SZX | XMNCebu Pacific
67%
ACX | BAV | BHY | CAN | CGO | CGQ | CIF | CKG | CSX | CTU | DLC | DNH | DTU | FOC | HAK | HEK | HET | HFE | HGH | HLD | HLH | HNY | HRB | HSN | HYN | INC | JGN | JGS | JHG | JIC | JJN | JNG | JUZ | KHN | KMG | KWE | LFQ | LHW | LJG | LLV | LXA | LYG | NGB | NKG | NNG | NZH | PVG | SHA | SHE | SJW | SQD | SWA | SYX | SZX | TAO | TNA | TSN | TYN | WEH | WMT | WNZ | WUH | XIY | XMN | XNN | YNT | YNZ | YYA | YZY | ZHU | ZYIChengdu Airlines
65%
CAN | CGO | CGQ | CKG | CSX | DIG | DLC | DLU | FOC | HGH | HNY | HPG | HRB | HUZ | INC | JHG | KHN | KMG | KWE | KWL | LHW | LXA | LYI | NGB | NKG | NLH | NNG | PEK | PVG | PZI | SWA | SYM | SYX | SZX | TAO | TCZ | WNZ | WUH | XMN | YIC | YNZ | YTYChongqing Airlines
65%
CANKenya Airways
65%
CAN | HKGNepal Airlines
65%
HKGRoyal Jordanian
65%
HKG | PEK | URCAir Astana
64%
CAN | PEK | PVGSriLankan Airlines
64%
CGO | CKG | CTU | CZX | HFE | HGH | KWE | MFM | NGB | NKG | NNG | PEK | PKX | PVG | SHA | SWA | TAO | TSN | TYN | WNZ | XMNAir Macau
62%
HKG | PEKFiji Airways
62%
CAN | HKG | PKX | PVG | SYX | URCS7 Airlines
62%
PEK | URCUzbekistan Airways
62%
CAN | CSX | CTU | CZX | HGH | JHG | KMG | PVG | WNZLao Airlines
61%
BPX | CGQ | CKG | CSX | CTU | CWJ | DAX | DIG | DLU | GOQ | HGH | HRB | KHN | KMG | KWE | LHW | LJG | LUM | LXA | MIG | NAO | NGQ | NKG | PEK | RKZ | SHA | SHE | SJW | SYX | SZX | TNA | TSN | TYN | WNZ | WXN | XIY | XMN | XNN | YBP | YNT | YUSTibet Airlines
61%
PKXRoyal Air Maroc
59%
CAN | CGO | CSX | FOC | HAK | HGH | HKG | HRB | KHN | KMG | MFM | NGB | NKG | NNG | SHE | TAO | TNA | TSN | WUH | WUX | XIYScoot
59%
HAK | HKG | HRB | JMU | MFM | NTG | PEK | SJW | SYX | TAO | TNA | WEH | YNJ | YNTJeju Air
58%
HAK | SWA | SYXJetstar Asia Airways
58%
HKG | PVGJetstar Japan
58%
CAN | CGO | CSX | HGH | HKG | KWE | WUHJetstar Pacific Airlines
58%
CAN | CGO | HAK | HGH | JJN | KHN | PEK | PVG | WNZ | WUXCambodia Angkor Air
57%
DDG | MFM | PEK | SHEAir Koryo
55%
BSD | CAN | CGK | CGO | CGQ | CIH | CSX | CTU | DAT | DLC | HGH | HRB | HUZ | HYN | JHG | KMG | KWE | LJG | LNJ | LUM | NKG | NNG | NTG | NZH | PVG | SJW | SZX | TAO | TCZ | TNA | TYN | WUH | WMT | XIY | XUZ | YCU | YTY | ZAT | ZUHKunming Airlines
55%
HAK | HFEThai Vietjet Air
55%
BAR | CGO | CSX | CTU | DNH | FOC | HAK | HFE | HGH | HTN | KHG | LHW | LYG | MIG | NAO | SHF | SWA | TAO | TNA | URC | WNZ | WUH | WXN | XFN | XIY | YIH | YIN | YNZUrümqi Air
55%
CZX | DLC | DSN | DYG | HET | HFE | HGH | HKG | KHN | KWE | LYI | NGB | NNG | TAOVietjet Air
55%
PEKAZAL Azerbaijan Airlines
54%
CAN | CGO | CGQ | CKG | CSX | CTU | DLC | DLU | ENH | ERL | FOC | HAK | HET | HFE | HGH | HIA | HRB | INC | JHG | JXA | KHN | KMG | KWE | KWL | LHW | LJG | LYI | MFM | MXZ | NGB | NKG | NNG | PKX | PVG | SHE | SJW | SWA | SYX | TAO | TNA | TSN | TXN | TYN | URC | UYN | WNZ | WUH | XIY | XMN | XNN | XUZ | YIC | YIH | YUSBeijing Capital Airlines
54%
CTU | FOC | HKG | MFM | SZX | WNZCambodia Airways
54%
CAN | CTU | HKGIndiGo
54%
CAN | CGK | CSX | CTU | HAK | HGH | HKG | KHN | NKG | PVG | SYX | SZX | TNA | TSN | URC | WNZ | WUH | XIYLion Air
54%
CAN | PEK | PVG | SZXMahan Air
54%
HKG | PVGPeach
54%
CSX | HAK | HGH | HKG | NNG | PKX | PVG | XIYRoyal Brunei Airlines
54%
CAN | CGO | CKG | CSX | CTU | CZX | HAK | HFE | HGH | KHN | NGB | NKG | PVG | SJW | SZX | TNA | TSN | TYN | WUH | XIY | XUZThai Lion Air
54%
ACX | AQG | BSD | CAN | CGK | CGO | CGQ | CTU | CWJ | DIG | DLC | DLU | FOC | HAK | HET | HFE | HGH | HIA | HLD | INC | JHG | JJN | JMJ | JNZ | KGT | KHG | KHN | KMG | KOW | KWE | LCX | LHW | LJG | LNJ | LUM | LXA | LZO | MIG | NGB | NGQ | NKG | NLH | NNG | PEK | PVG | SHA | SJW | SWA | SYM | SYX | SZX | TAO | TCZ | TNA | TSN | TYN | URC | WNZ | WUH |XIY | XMN | XUZ | YIH | YNZ | ZAT | ZHA | ZUHLucky Air
52%
CAN | FOC | HFE | HGH | JJN | KHN | LYI | NGB | YNTMyanmar Airways International
51%
CTU | HKGMyanmar National Airlines
51%
PEKTurkmenistan Airlines
51%
AVA | BAV | BHY | CAN | CDE | CGD | CGO | CGQ | CKG | CSX | CTU | DLC | DNH | DOY | DYG | ENH | FOC | GYS | HDG | HET | HFE | HGH | HIA | HJJ | HKG | HRB | INC | IQN | JGS | JHG | JIQ | JJN | KHN | KMG | KWE | KWL | LHW | LYA | LYG | MFM | MIG | NBS | NGB | NKG | NNG | NNY | NTG | PVG | SHA | SHE | SJW | SWA | SYX | SZX | TAO | TNA | TSN | TYN | URC | WDS | WEH | WGN | WNZ | WUH | XIY | XMN | XUZ | YNZ | YTY | ZHA | ZQZ | ZUH | ZYISpring Airlines
49%
CKG | HRB | NGB | PVG | TSN | WUHSpring Airlines Japan
49%
PEKAir Algérie
48%
CKG | CTU | HKGBangkok Airways
48%
AKU | AVA | BAV | CAN | CGO | CGQ | CIF | CKG | CSX | CTU | CZX | DAT | DLC | DQA | ENH | FOC | HAK | HET | HFE | HGH | HKG | HLD | HNY | HRB | HSN | INC | JDZ | JJN | JMU | JNG | JSJ | JUZ | KHG | KHN | KMG | KRL | KRY | KWE | KWL | LHW | LJG | LNL | MDG | MIG | NBS | NGB | NKG | NNG | NNY | NZH | PEK | PVG | RIZ | SHA | SHE | SJW | SQD | SWA | SYX | SZX | TAO | TNA | TSN | TYN | UCB | URC | WDS | WEH | WMT | WNZ | WUH | WUS | WXN | XIY | XMN | XNN | YIC | YIH | YNJ | YNT | YNZ | ZUHShandong Airlines
48%
HKGSpiceJet
48%
AOG | BFJ | BHY | CAN | CGO | CGQ | CIH | CKG | CSX | CTU | CZX | DLC | DOY | DQA | DYG | FOC | GYU | HAK | HET | HFE | HGH | HLD | HNY | HRB | HUZ | HZG | INC | JIC | JUH | KHN | KMG | KWE | KWL | LCX | LFQ | LHW | LJG | LZH | MFM | MIG | NBS | NKG | NNG | PKX | PVG | RLK | SHA | SHE | SQJ | SYX | SZX | TAO | TEN | TGO | TSN | TYN | UCB | URC | UYN | WMT | WNZ | WUH | WUX | XFN | XIY | XMN | XNN | YIH | YNJ | YNZ | YSQ | YYA | YZY | ZHY | ZUHJuneyao Airlines
46%
HKG | MFM | PVG | XIYJin Air
45%
CTU | DYG | HAK | HKG | MFM | NGB | SYX | TAO | XIY | YNJAir Busan
43%
CGO | CGQ | CSX | CTU | DYG | HAK | HET | HIA | HLD | HNY | HRB | HZG | INC | KHN | KMG | KOW | KWE | KWL | LHW | LLV | LUM | LYA | LYG | NBS | NGB | NKG | NNG | NTG | PVG | SHE | TAO | TNA | TSN | TXN | URC | WNZ | XIY | YNT | YYA | ZHA | ZYIQingdao Airlines
43%
HKG | PVGAir Mauritius
42%
CANIraqi Airways
42%
MFMTigerair Taiwan
41%
HKGAir Niugini
39%
ACX | BHY | BPE | CAN | CDE | CGQ | CKG | CSX | CTU | DLC | DSN | FOC | HAK | HET | HGH | HLD | INC | JJN | JNG | KHN | KMG | KRL | KWE | LHW | LYG | MIG | NGB | NKG | NNG | NTG | NZH | NZL | PKX | PVG | SHA | SJW | SWA | SYX | SZX | TAO | URC | WNZ | XIY | XMN | YSQ | YTY | ZHA | ZQZ | ZUH | ZYIHebei Airlines
39%
CGO | CTU | HGH | INC | KHN | LYI | NNG | NTG | YIH | YNZNok Air
38%
DYG | MFM | PVG | SHE | TNA | WNZ | WUH | YNJT'way Air
38%
DYG | HKG | LYIAir Seoul
36%
URCAriana Afghan Airlines
36%
CAN | CGK | CGO | CSX | CTU | HAK | HKG | KMG | KWE | NKG | TSN | XIYMalindo Air
36%
CKG | CTU | SZX | XMNSilkAir
36%
CGO | CSX | CTU | DLC | FOC | HFE | HGH | INC | JMU | KMG | KWE | KWL | LYG | NKG | PEK | PKX | PVG | SJW | TNA | WDS | XIY | YCUDalian Airlines
33%
AQG | BAV | CGO | CKG | CSX | DLC | FOC | HAK | HET | HIA | HLD | HRB | HSN | HUT | JJN | KHN | KMG | KOW | KWE | KWL | LYA | LYI | MXZ | NGB | NNG | NTG | PVG | SYX | SZX | TNA | TSN | TYN | XIY | XUZ | YIH | ZYIFuzhou Airlines
33%
URCAir Arabia
32%
MFMBamboo Airways
32%
HAK | KMG | KWL | NNG | SZX | XIYBatik Air
32%
AAT | ACX | AEB | AKU | AXF | BAV | BFJ | BHY | BPL | CDE | CGD | CGO | CHG | CIF | CIH | CKG | CSX | CTU | DAT | DBC | DLC | DSN | DYG | ERL | FOC | FUG | FYN | GXH | GYU | HAK | HCJ | HDG | HET | HGH | HIA | HLD | HLH | HMI | HRB | HSN | HTN | HUO | HUZ | HYN | INC | IQM | JGD | JHG | JIQ | JNG | JUH | JUZ | JXA | KCA | KHG | KMG | KRL | KRY | KWE | KWL | LHW | LJG | LLB | LLF | LLV | LNL | LZH | MXZ | NDG | NLT | NNG | NNY | NZH | NZL | QSZ | RIZ | RLK | RQA | SHE | SHF | SQJ | SYX | TCG | TEN | THQ | TLQ | TNA | TSN | TVS | TWC | TYN | UCB | UYN | WDS | WGN | WNZ | WSK | WUA | WUH | WUT | XFN | XIC | XIY | XMN | XNN | YIE | YIN | YIW | YNT | YSQ | YTY | ZHA | ZUH | ZYIChina Express Airlines
32%
AKU | CAN | CGO | CKG | CSX | DLC | FOC | GOQ | HAK | HET | HFE | HGH | HLD | HRB | JHG | JJN | KHN | KMG | KRL | KWE | KWL | LJG | LXA | NGB | NKG | NNG | PVG | RKZ | SHE | SJW | SWA | SYX | SZX | TNA | TSN | TYN | URC | WNH | WNZ | WUH | XIY | XMN | ZUHWest Air
32%
AVA | CAN | CGO | CGQ | CSX | DLC | HAK | HET | HFE | HNY | HRB | JGS | JHG | JIQ | KHN | KWE | LHW | LYG | NBS | NGB | NKG | NNG | NNY | NTG | SHE | SYX | TSN | URC | WGN | WNZ | WUH | WUX | XIY | YIW | YNJ | YNT9 Air
30%
CANAir Madagascar
30%
KMG | KWE | NGB | NKG | WNZ | WUXCitilink
30%
ACX | BAV | CGQ | CKG | CSX | CTU | DLC | DOY | HAK | HDG | HFE | HGH | HJJ | HRB | INC | IQN | JJN | JNG | KHN | KMG | KWE | KWL | LHW | LYG | LYI | MFM | NKG | NNG | NTG | NZH | PEK | PVG | SZX | TSN | WDS | WNZ | WUX | WXN | XIY | YIH | YIW | YKH | YNT | ZUHDonghai Airlines
30%
AEB | BHY | CAN | CKG | CSX | CTU | DLC | FOC | HAK | HFE | HGH | HRB | HUZ | JHG | JJN | JUH | KHN | KMG | KOW | KWL | LYI | MIG | NGB | NKG | NNG | SHE | SWA | SYX | SZX | TAO | TSN | TYN | URC | XIY | XMN | XNN | YNT | YNZ | ZHA | ZUHOkay Airways
30%
ACX | AVA | BAV | BFJ | CAN | CIF | CIH | CSX | CTU | DAT | DBC | DLC | DOY | DSN | ENY | FOC | FUG | FUO | HAK | HET | HFE | HIA | HJJ | HLD | HLH | HNY | HRB | HSN | HZG | INC | IQN | JIC | JUH | JUZ | KMG | LCX | LDS | LHW | LLF | LLV | LNL | LYG | LYI | MXZ | NDG | NGB | NKG | NNG | NNY | NZH | PKX | PVG | RIZ | RLK | SHA | SJW | SQD | SQJ | SZX | TEN | TGO | TSN | UCB | UYN | WDS | WEH | WUA | WUZ | XAI | XFN | XIL | XMN | YIE | YKH | YNT | YNZ | YSQ | YYA | YZY | ZUHChina United Airlines
29%
CANUS-Bangla Airlines
29%
CTUAir Seychelles
28%
BHY | CGO | CTU | DLC | HAK | HET | HIA | HLD | HRB | INC | KHN | KOW | KRL | KWE | NKG | NNG | NZH | NZL | PEK | SHE | TAO | TNA | TSN | TYN | URC | XIY | XMN | ZHA | ZUHJiangxi Air
28%
ACX | AKU | AVA | BAR | BAV | BFJ | BPE | CAN | CGK | CGO | CGQ | CIF | CSX | CTU | DAT | DLC | ENH | ENY | HAK | HDG | HET | HGH | HIA | HJJ | HRB | HUZ | HZG | JHG | JIQ | KHN | KJH | KMG | KOW | KWE | KWL | LHW | LJG | LYA | LYG | LYI | MIG | NGB | NNG | PEK | RIZ | SHE | SZX | TEN | TGO | TNA | TSN | TYN | UCB | URC | WDS | WEH | WNZ | WUH | WUT | XFN | XIY | XNN | XUZ | YNJ | YNT | YNZ | YTY | ZUH | ZYILoong Air
28%
CGK | CTU | HGH | NKG | WUH | XIYMaldivian
28%
CGO | CGQ | CIF | HET | HFE | HLD | HRB | HYN | KHN | KWE | KWL | LHW | MIG | NGB | PVG | SYX | SZX | TNA | URC | XFN | YIH | YIN | ZUHSuparna Airlines
28%
HRB | JMU | PKX | YNJAurora
26%
URCSomon Air
26%
MFMStarlux Airlines
26%
CGO | DLC | HAK | HKG | HRB | KHN | MFM | PVG | TNA | YNJ | YNTEastar Jet
25%
AEB | BFJ | CAN | CGD | CGO | CKG | CSX | CTU | DLC | FOC | FUG | HAK | HDG | HET | HFE | HJJ | HRB | INC | JNG | KHN | KMG | KOW | KWE | KWL | LHW | LNL | LYA | LYG | LYI | LZO | MXZ | NAO | NGB | NNG | NNY | RIZ | SJW | SYX | TAO | TNA | TSN | TYN | UYN | WDS | WEF | WNZ | WUH | XFN | XIC | XIY | XUZ | YIH | YNT | ZUH | ZYIGX Airlines
25%
BPE | CAN | CGO | CSX | CTU | DAT | DLC | DNH | DSN | FOC | HET | HKG | JHG | KHN | KMG | KWE | LYI | MFM | NGB | NKG | NNG | SHE | SJW | SWA | SZX | TNA | TSN | TYN | WUH | XIY | XMN | XNN | YIH | ZYILanmei Airlines
25%
CGO | CSX | FOC | HGH | HKG | MXZ | NGB | NKG | SHE | WNZ | WUX | XMNMandarin Airlines
25%
BHY | BPE | CIH | CKG | CSX | CTU | DAT | DLC | ENH | FOC | HET | HFE | HLD | HRB | IQN | JHG | JMJ | KMG | LHW | LJG | LUM | LYG | NNG | NNY | NTG | SHE | SWA | TAO | TNA | TSN | TXN | TYN | UYN | WNZ | WUH | WUX | XFN | XIY | YTY | ZUHRuili Airlines
25%
HAK | XIYSCAT
25%
CGQ | DSN | HFE | HRB | PKX | XIYUral Airlines
25%
HRB | SYX | WEHYakutia Airlines
25%
CSX | DYG | FOC | HAK | HFE | HRH | JJN | KHN | NGB | NKG | NNG | PVG | WUH | WUXSriwijaya Air
23%
BHY | CGO | CGQ | CKG | DAT | DLC | DYG | ENH | HAK | HET | KHN | KWE | KWL | NGB | NNG | SHE | SJW | SWA | TAO | TNA | TVS | TXN | XFN | XMN | XUZ | YIH | YNT | YTYAir Guilin
22%
SYXAzur Air
22%
ACX | BAR | BFJ | BHY | CGO | CKG | CSX | CTU | CZX | DAX | FOC | HAK | HFE | HIA | HYN | KHN | KWE | LPF | LYA | LZO | NGB | NKG | NTG | SJW | TEN | TNA | TSN | TYN | WMT | WUH | WUZ | WXN | XIY | YBPColorful Guizhou Airlines
22%
CANRwandAir
22%
CGK | HFE | HRB | INC | ZUHLongjiang Airlines
20%
BSD | CGO | CGQ | CIH | CTU | CWJ | HET | HLD | KHN | KMG | KWL | LHW | LJG | NKG | NTG | SHE | TAO | WNZ | WUX | XNN | YNT | ZUHAir Travel
19%
HRB | INC | KWL | PEK | SYXGrand China Air
19%
CKG | CSX | KHN | KWE | PKXHimalaya Airlines
19%
AAT | AXF | BAV | BPL | CGO | CGQ | CSX | DLC | DSN | DYG | EJN | FOC | HFE | HNY | HRB | HZH | INC | JGD | JXA | KJI | KRY | NBS | OHE | RHT | SJW | TEN | TSN | TXN | TYN | UYN | WEH | WGN | WUA | WUH | XFN | XIY | YNJ | YNT | ZHYJoy Air
19%
PEK | SJW | SYXNordStar Airlines
19%
CGO | CTU | KWE | NGB | NNG | PEK | PVG | SHE | SWA | XMN | YIWSky Angkor Airlines
19%
BHY | BPE | CGQ | DLC | DNH | FOC | HAK | HFE | HIA | HJJ | HLD | HUZ | HYN | HZG | INC | JDZ | JUH | KHN | KWE | KWL | LHW | LYA | LYG | MDG | NGB | NTG | SHE | SJW | SWA | SYX | TEN | TGO | WEF | WNZ | XIY | XMN | XNN | YIH | YKH | YNT | YNZ | ZUHAir Changan
17%
BAV | CAN | CKG | CTU | FOC | HFE | HGH | JHG | JJN | KHN | KMG | KWE | MFM | NNG | SYX | SZX | TSN | WUH | WXN | XIY | XMN | XUZJC International Airlines
17%
CAN | TNAPegas Fly
17%
HET | TSNAero Mongolia
16%
BPE | CAN | HRB | NZH | SHEIrAero
16%
MFMRoyal Flight
16%
SYXSunday Airlines
16%
HET | HLH | XILGenghis Khan Airlines
14%
KHN | KWE | NKGNeos
14%
ERL | HLD | NZHHunnu Airlines
13%
CGO | SYX | SZX | TSN | WUHI-Fly
13%
WUHPan Pacific Airlines
13%
MFM | NNG | WUHRoyal Air Philippines
13%
HAKSkyUp
13%
HKGEznis Airways
12%

Score Distribution

Percentile by Number Answered

Percent of People with Each Score

Your Score History

You have not taken this quiz